Words well spoken : (Record no. 8479)

MARC details
000 -LEADER
fixed length control field 01632nam a22002297a 4500
003 - CONTROL NUMBER IDENTIFIER
control field GBCCL
005 - DATE AND TIME OF LATEST TRANSACTION
control field 20241126110651.0
008 - FIXED-LENGTH DATA ELEMENTS--GENERAL INFORMATION
fixed length control field 210225b ||||| |||| 00| 0 eng d
020 ## - INTERNATIONAL STANDARD BOOK NUMBER
International Standard Book Number 9781602580640
020 ## - INTERNATIONAL STANDARD BOOK NUMBER
International Standard Book Number 1602580642
040 ## - CATALOGING SOURCE
Transcribing agency gbc
082 ## - DEWEY DECIMAL CLASSIFICATION NUMBER
Classification number 225.66092
Item number WOR
245 ## - TITLE STATEMENT
Title Words well spoken :
Remainder of title George Kennedy's rhetoric of the New Testament /
Statement of responsibility, etc. C. Clifton Black & Duane F. Watson, editors.
260 ## - PUBLICATION, DISTRIBUTION, ETC.
Place of publication, distribution, etc. Waco, Tex. :
Name of publisher, distributor, etc. Baylor University Press,
Date of publication, distribution, etc. ©2008.
300 ## - PHYSICAL DESCRIPTION
Extent xiv, 255 pages ;
Other physical details 24 cm.
440 ## - SERIES STATEMENT/ADDED ENTRY--TITLE
Title Studies in rhetoric and religion, 8.
9 (RLIN) 14875
505 ## - FORMATTED CONTENTS NOTE
Formatted contents note The recollection of rhetoric : a brief history / Margaret D. Zulick --<br/>George Kennedy's scholarship in the context of North American rhetorical studies / Thomas H. Olbricht --<br/>The influence of George Kennedy on rhetorical criticism of the New Testament / Duane F. Watson --<br/>Kennedy and the gospels : an ambiguous legacy, a promising bequest / C. Clifton Black --<br/>Rhetography : a new way of seeing the familiar text / Vernon K. Robbins --<br/>George Kennedy's influence on rhetorical interpretation of the Acts of the Apostles / Blake Shipp --<br/>George Kennedy's contribution to rhetorical criticism / Frank W. Hughes --<br/>Kennedy and the reading of Paul : the energy of communication / James D. Hester --<br/>Moving an audience : one aspect of pathos in the Book of Revelation / Greg Carey --<br/>Afterword / George A. Kennedy.
650 ## - SUBJECT ADDED ENTRY--TOPICAL TERM
Topical term or geographic name entry element Bible.
Form subdivision New Testament
General subdivision Criticism, interpretation, etc.
9 (RLIN) 11541
650 ## - SUBJECT ADDED ENTRY--TOPICAL TERM
Topical term or geographic name entry element Kennedy, George A.
Form subdivision (George Alexander),
Chronological subdivision 1928-
9 (RLIN) 14876
650 ## - SUBJECT ADDED ENTRY--TOPICAL TERM
Topical term or geographic name entry element Bible.
Form subdivision New Testament
General subdivision Language, style.
9 (RLIN) 14767
942 ## - ADDED ENTRY ELEMENTS (KOHA)
Source of classification or shelving scheme Dewey Decimal Classification
Koha item type Books
Koha issues (borrowed), all copies 1
Holdings
Withdrawn status Lost status Source of classification or shelving scheme Damaged status Not for loan Home library Current Library Shelving location Date acquired Total checkouts Full call number Barcode Date last seen Date last checked out Copy number Price effective from Koha item type
    Dewey Decimal Classification     GRACE BIBLE COLLEGE GRACE BIBLE COLLEGE Biblical Studies 2021-02-25 1 225.66092 WOR 020114 2025-05-01 2023-12-15 c.1 2021-02-25 Books
© Grace Bible College Library 2025